José Joaquín Olmedo : (Record no. 15888)
[ view plain ]
| 000 -CABECERA | |
|---|---|
| campo de control de longitud fija | 00586cam a22001571 4500 |
| 001 - NÚMERO DE CONTROL | |
| campo de control | 000016353 |
| 005 - FECHA Y HORA DE LA ÚLTIMA TRANSACCIÓN | |
| campo de control | 20200929164403.0 |
| 008 - DATOS DE LONGITUD FIJA--INFORMACIÓN GENERAL | |
| campo de control de longitud fija | 811006s1960 mx 000 0 spa |
| 040 ## - FUENTE DE LA CATALOGACIÓN | |
| Centro catalogador/agencia de origen | DO-SdBNP |
| Lengua de catalogación | spa |
| Centro/agencia transcriptor | BNPHU |
| 100 1# - ENTRADA PRINCIPAL--NOMBRE DE PERSONA | |
| Nombre de persona | Olmedo, José Joaquín de, |
| Fechas asociadas al nombre | 1780-1847. |
| 9 (RLIN) | 36474 |
| 245 10 - MENCIÓN DE TÍTULO | |
| Título | José Joaquín Olmedo : |
| Resto del título | poesía, prosa / |
| Mención de responsabilidad, etc. | estudio y selecciones de Aurelio Espinosa Pólit. |
| 260 ## - PUBLICACIÓN, DISTRIBUCIÓN, ETC. | |
| Lugar de publicación, distribución, etc. | Puebla, México, : |
| Nombre del editor, distribuidor, etc. | J. M. Cajica, |
| Fecha de publicación, distribución, etc. | 1960. |
| 300 ## - DESCRIPCIÓN FÍSICA | |
| Extensión | 531 p. ; |
| Dimensiones | 22 cm. |
| 490 0# - MENCIÓN DE SERIE | |
| Mención de serie | Biblioteca ecuatoriana mínima. La colonia y la república |
| 700 1# - PUNTO DE ACCESO ADICIONAL--NOMBRE DE PERSONA | |
| Nombre de persona | Espinoza Polit, Aurelio, |
| Término indicativo de función/relación | sel. |
| 9 (RLIN) | 36475 |
| Estado de retiro | Estado de pérdida | Restricciones de uso | No para préstamo | Código de colección | Localización permanente | Ubicación/localización actual | Ubicación en estantería | Fecha de adquisición | Número de inventario | Total de préstamos | Signatura topográfica completa | Código de barras | Fecha visto por última vez | Precio válido a partir de | Tipo de ítem Koha |
|---|---|---|---|---|---|---|---|---|---|---|---|---|---|---|---|
| Excluido de préstamo | Monografías: Libros y Folletos | General | General | En catalogación | 03.03.2010 | LF1 | 16353-10 | 25.06.2020 | 25.06.2020 | No se presta |
